000 00426nam a2200181Ia 4500
001 18074
005 20260306171604.0
008 260306s9999||||xx |||||||||||||| ||und||
041 _aESP
082 _a658.4
_bS17
100 _aSalgueiro Anabitarte, Amado
_eAUT
245 0 _aIndicadores de gestión y cuadro de mando
260 _c2001
300 _a
_c
650 _aGEN
654 _aCAN
942 _cLIB
_dJUS
_fJUS
_2ddc
_n
999 _c18074
_d18074